Statystyki dla Podstawowe składniki ciasta

Kliknij tutaj aby rozwiązać quiz!

Ogólne statystyki

  • Ten quiz został rozwiązany 4 649 razy
  • Średni wynik to 6 z 8

Statystyki odpowiedzi

Składnik% Poprawnych
Mąka
99%
Cukier
94%
Jajka
92%
Mleko
81%
Proszek do pieczenia
73%
Masło
61%
Sól
59%
Wanilia
24%

Rozkład punktacji

Percentyl według liczby udzielonych odpowiedzi

Procent ludzi z każdym wynikiem

Twoja historia wyników

Nie rozwiązałeś tego quizu